Normal view
MARC view
Entry Personal Name
001 - CONTROL NUMBER
- control field: 1185308
003 - CONTROL NUMBER IDENTIFIER
- control field: OSt
005 - DATE AND TIME OF LATEST TRANSACTION
- control field: 20260324131400.0
008 - FIXED-LENGTH DATA ELEMENTS
- fixed length control field: 260324|| aca||aabn | a|a d
040 ## - CATALOGING SOURCE
- Original cataloging agency: OSt
- Transcribing agency: OSt
100 ## - HEADING--PERSONAL NAME
- Personal name: T.S. Sudarshan; M. Jeandin; J.J. Stiglich
670 ## - SOURCE DATA FOUND
- Source citation: Work cat.: (OSt)1782398: T.S. Sudarshan; M. Jeandin; J.J. Stiglich, Surface Modification Technologies XVIII: Proceedings of the Eighteenth International Conference on Surface Modification Technologies Held in Dijon, France November 15-17, 2004: v. 18
